00814 2200217 4500001002100000005001700021008004100038035002400079082001900103090002400122245013100146260019000277300003000467650002100497700001600518850001500534980001300549985000600562986001300568999001500581YOGYA-0209000000337420090227020624.0 ind  0010-020900000003374 a627.2095982254 a627.2095982254bStu aSTUDI pertumbuhan dan pemudaran kota pelabuhanbkasus Gilimanuk-JeparacS. Budhisantoso ... [et.al.] ; penyunting, Djenen Bale aJakartabDepartemen Pendidikan dan Kebudayaan Direktorat Jenderal Kebudayaan Direktorat Sejarah dan Nilai Tradisional Proyek Pengkajian dan Pembinaan Nilai-nilai Budaya Pusatc1994/1995 axii, 104 hlmbilusc21 cm aPelabuhan Jepara aBALE, Jenen aYOPDYOG(B) a13-02-06 a1 afwhRTREV a95A0022422